Cenový věstník

Uložené v:
Podrobná bibliografia
Médium: Seriál
Jazyk:Czech
Vydavateľské údaje: Praha Federální cenový úřad 1980
Tagy: Pridať tag
Žiadne tagy, Buďte prvý, kto otaguje tento záznam!

MARC

LEADER 00000nas2a2200000 4500
001 s124476
005 20250730114225.7
041 0 |a cze 
044 |a CZ 
245 1 0 |a Cenový věstník 
264 1 |a Praha  |b Federální cenový úřad  |c 1980 
300 |a 4 zv. 
773 0 |w eu_un_cat*s120102